mysqli: Table './ulib62015/stat_globaluid' is marked as crashed and should be repaired
select id from stat_globaluid where statuid='20260517234247_3906'
mysqli: Table './ulib62015/stat_globaluid' is marked as crashed and should be repaired
DELETE FROM stat_globaluid
WHERE id NOT IN (
SELECT id
FROM (
SELECT id
FROM stat_globaluid
ORDER BY id DESC
LIMIT 100
) foo
);
mysqli: Table './ulib62015/stat_globaluid' is marked as crashed and should be repaired
insert into stat_globaluid set
statuid='20260517234247_3906',
dt='1779036167',
phpself='/ULIB62015/dublinfull.php',
agent='Mozilla/5.0 AppleWebKit/537.36 (KHTML, like Gecko; compatible; ClaudeBot/1.0; +claudebot@anthropic.com)',
yea='2026',
mon='5',
dat='17',
ip='216.73.216.45'
mysqli: Table './ulib62015/stathist_viewbib_bib_type' is marked as crashed and should be repaired
insert into stathist_viewbib_bib_type set
dat='17' ,
mon='05' ,
yea='2026' ,
statuid='20260517234247_3906' ,
head='32241' ,
foot='marc' ,
dt='1779036167'
| LEADER : 00000nam 2200000uu 4500 |
| 008 100527s||||||||th 000 0 tha d |
| 020 974-7843-50-1
|
| 082 0 ^aWB953^bล145ม
|
| 100 0 ^aลลิตา ธีรสิริ
|
| 245 บันทึกธรรมชาติบำบัดไม่กินยาก็หายป่วย
|
| 260 ^aกรุงเทพฯ:^bรวมทรรศน์,^c2545.
|
| 945 ^p0^l0^i006824
|
| 945 ^p182^l0^i006825 |
| 999 ^alib
|
| คุณยังไม่ได้ล็อกอิน คุณสามารถมีกิจกรรมร่วมกับเว็บไซต์ได้ แต่ต้องล็อกอินก่อน :: |
|
|
|
| ลำดับที่ |
ประเภท |
เลขเรียก/บาร์โค้ด |
สถานที่ |
สถานะ |
| 1. |
 หนังสือ | WB935 ล145ม ฉ.1 Barcode: 006824 | หนังสือทั่วไป | บนชั้น ขอยืม |
| 2. |
 หนังสือ | WB953 ล145ม ฉ.2 Barcode: 006825 | หนังสือทั่วไป | บนชั้น ขอยืม |
|
ยังไม่เคยถูกคอมเมนท์
|
| คอมเมนท์ทรัพยากรรายการนี้ |
|